The technical frontiers of education
Salvato in:
| Autore principale: | |
|---|---|
| Natura: | Libro |
| Lingua: | inglese |
| Pubblicazione: |
Los Angeles
UCLA
1960
|
| Soggetti: | |
| Tags: |
Aggiungi Tag
Nessun Tag, puoi essere il primo ad aggiungerne!!
|
MARC
| LEADER | 00000nam a2200000 a 4500 | ||
|---|---|---|---|
| 001 | UCY2160 | ||
| 003 | CL-VaPUC | ||
| 008 | 941011e19600000US |||||||||||||||||eng|d | ||
| 082 | 0 | 4 | |a 373.246 |b COO |2 21 |
| 100 | 0 | |a Coombs, Philip H |e author |9 330203 | |
| 245 | 1 | 4 | |a The technical frontiers of education |
| 300 | |a 16 p | ||
| 942 | |c BK | ||
| 945 | |d 19941011 00:00:00 |a rbrito | ||
| 260 | |a Los Angeles |b UCLA |c 1960 | ||
| 650 | 0 | |a Educación tecnológica |9 307597 | |
| 583 | |a last modification |c 19941011 00:00:00 |k Rodrigo Vera | ||
| 999 | |c 230650 |d 230648 | ||
| 952 | |0 0 |1 0 |4 0 |6 373_246000000000000_COO_1960 |7 0 |8 P |9 233068 |a BIBEDU |b BIBEDU |c BIBEDU_PB |d 2019-11-15 |i 301830K |o 373.246 COO 1960 |p 301830K |r 2024-01-25 |w 2019-11-15 |y BK |k EDU | ||